00521nam a22001697a 450000500170000001000150001702000260003203500140005803700090007208200080008124500970008926000390018627000420022530000200026770000330028770000310032020241216120818.0 aENG-143091 a9788180642739c100.00 aEN-126623 bDBAD a351 aGood Governanace:cEdited By Mrinal Kanti Basak [and] Riki ChakrabortybSome Ethical Issues/ aTamil NadubSri Kamal Mitra c2018 a37A, College Street bKolkatae700073 a134p.c22cm(hb) aBasak, Mrinal Kanti dEditor aChakraborty, Riki eEditor